01275nam a2200181Ia 4500001001300000003001000013008004100023040002500064041000700089100003900096245006700135250001100202260002900213300001200242500079700254650001201051700003001063b7201-53388 IT-MiCISF161014s9999||||xx |||||||||||||| ||und|| aIT-MiCISFcIT-MiCISF ait aPerez-Soba Juan José (a cura di) 0aIl logos dell'agapebAmore e ragione come principi delll'agire a1a ed. a SienabCantagallic2008 app. 412 aMilbank J., Larrù J., Rowland T., Lopez A., Scabini E., Tenace M., Melina L., Bonino S.T., Kampowski S., Binasco M., Gotia O., Granados C., Granados L., Konrad M,n, Kowalski E., Merecki J., Ortiz E., Noriega J., Perez-Soba J.J., Pilloni F., Prieto A., Soldevila V. / persona, teologia, morale, amore / Questo libro tenta di esplorare la fecondità dell'amore come fondamento della morale. In questo modo si propone di indicare linee per il superamento sia del razionalismo (che esclude l'amore dalla dinamica morale) che dell'emotivismo (che preclude l'amore ad ogni comprensione razionale). La proposta di questo volume consiste nell'approfondimento delle radici dell'esperienza cristiana, nella quale il "logos" si manifesta come "agape", e diventa così il principio di un agire nuovo. apersona aGranados Luis (a cura di)